| 000 | 00941nam a2200277Ia 4500 | ||
|---|---|---|---|
| 005 | 20220317000234.0 | ||
| 008 | 141031s9999 ck 000 0 spa d | ||
| 020 | _a9789587054408 | ||
| 100 | 1 |
_aWilson, Jacqueline, _d1945- |
|
| 245 | 1 | 0 |
_aPreocupados.com _cJacqueline Wilson ; ilustrado por Nick Sharatt |
| 250 |
_a1a edición _b 3a reimpresión |
||
| 300 |
_a123 páginas _bilustraciones en blanco y negro _c23 cm. |
||
| 490 |
_aEl barco de vapor _aNaranja |
||
| 650 | 1 | 4 |
_2LEMB _aVida escolar _vNovela |
| 650 | 1 | 4 |
_2LEMB _aRelaciones familiares _vNovela |
| 650 | 1 | 4 |
_2LEMB _aInternet _xProblemas sociales _vNovela |
| 650 | 1 | 4 |
_2LEMB _aNovela juvenil |
| 700 | 1 |
_aSharatt, Nick _eilustrador _910591 |
|
| 942 |
_2loc _cBKLIT |
||
| 264 |
_aBogotá _bEdiciones SM _c2013 |
||
| 336 |
_atexto _btxt _2rdacontent |
||
| 337 |
_asin mediación _bn _2rdamedia |
||
| 338 |
_avolumen _bnc _2rdacarrier |
||
| 040 |
_aCO-BoRNBP _bspa _erda _cCO-BoRNBP |
||
| 084 | _aN WIL6 | ||
| 999 |
_c3489 _d3489 |
||